zpět

Detail výsledku týmu

Benedikt, Most

Datum a čas kvízu

33.5 Celkem bodů Celkový počet nahraných bodů na tomto kvízu bez doplňovacích otázek.
3. Pořadí na kvízu Konečné umístění týmu na tomto kvízu.

Zaznamenané odpovědi

# Otázka Odpověď Body Výsledky
1. Minulý týden byli jmenováni dv... D 0
2. Na co je podle šéfky pro zahra... A 1
3. Jakub Hrůša získal minulý týde... dirigent (hudební ředitel) 1
4. První vydání jistého komiksu b... Superman 1
5. Půl bodu získáte za jméno česk... Jakub Menšík, oštěp 1
6. Vaším úkolem v tématu bude odh... červená, žlutá 0.5
7. Teď se podíváme na domácí fotb... čtyři 0
8. Pojďme na hokej. Olomoucký koh... červenou 1
9. Na základě zobrazených barev l... New York Knicks 1
10. Které americké město oslavuje... Pittsburgh 1